The noble scholar, jurist, historian


 His Excellency Dr. Abdul Wahhab bin Ibrahim Abu Sulaiman, may Allah have mercy on him.


 He was born in Umm Al-Qura in the year 1356 AH.

فتح الرحمن بشرح رسالة الشيخ الولى رسلان لشيخ / (Record no. 14270)

MARC details
000 -LEADER
fixed length control field 01124cam a22002531i 4500
003 - CONTROL NUMBER IDENTIFIER
control field OSt
005 - DATE AND TIME OF LATEST TRANSACTION
control field 20260205134647.0
008 - FIXED-LENGTH DATA ELEMENTS--GENERAL INFORMATION
fixed length control field 260128s1909 ua g 00010 ara c
040 ## - CATALOGING SOURCE
Original cataloging agency SA-JeALM
Language of cataloging ara
Transcribing agency SA-RiAUC
Description conventions rda
082 04 - DEWEY DECIMAL CLASSIFICATION NUMBER
Classification number 251
Assigning agency SA-RiAUC
090 ## - LOCALLY ASSIGNED LC-TYPE CALL NUMBER (OCLC); LOCAL CALL NUMBER (RLIN)
Classification number (OCLC) (R) ; Classification number, CALL (RLIN) (NR) م ن 251
Local cutter number (OCLC) ; Book number/undivided call number, CALL (RLIN) ز ك ر
100 1# - MAIN ENTRY--PERSONAL NAME
Personal name زكريا الأنصاري، زكريا بن محمد بن أحمد،
Dates associated with a name 823-926 هجري
Relator term مؤلف.
245 10 - TITLE STATEMENT
Title فتح الرحمن بشرح رسالة الشيخ الولى رسلان لشيخ /
Statement of responsibility, etc. زكريا الأنصاري.
250 ## - EDITION STATEMENT
Edition statement الطبعة الأولى.
264 #1 - PRODUCTION, PUBLICATION, DISTRIBUTION, MANUFACTURE, AND COPYRIGHT NOTICE
Place of production, publication, distribution, manufacture مكة المكرمة :
Name of producer, publisher, distributor, manufacturer مطبعة الترقي الماجدية،
Date of production, publication, distribution, manufacture, or copyright notice [1909]
300 ## - PHYSICAL DESCRIPTION
Extent 78 صفحة ؛
Dimensions 24 سم
336 ## - CONTENT TYPE
Content type term نص
Content type code txt
Source rdacontent
Materials specified كتاب
337 ## - MEDIA TYPE
Media type term بدون وسيط
Media type code n
Source rdamedia
338 ## - CARRIER TYPE
Carrier type term مجلد
Carrier type code nc
Source rdacarrier
500 ## - GENERAL NOTE
General note وبهامشه حاشية العلامة الشيخ يس بن زين الدين العليمي الحمصي على شرح المذكور.
650 #7 - SUBJECT ADDED ENTRY--TOPICAL TERM
Topical term or geographic name entry element أصول الفقه الإسلامي
Source of heading or term aucsh
942 ## - ADDED ENTRY ELEMENTS (KOHA)
Source of classification or shelving scheme Dewey Decimal Classification
Koha item type كتاب مصور نادر
Suppress in OPAC No
949 ## - LOCAL PROCESSING INFORMATION (OCLC)
a SA-JeALM
d 260128
u mohamedma123
n 1
Holdings
Withdrawn status Lost status Source of classification or shelving scheme Damaged status Not for loan Home library Current library Date acquired Total checkouts Full call number Barcode Date last seen Price effective from Koha item type
    Dewey Decimal Classification     DR AbdElwahab Library DR AbdElwahab Library 02/05/2026   م ن 251 ز ك ر 000009341 02/05/2026 02/05/2026 كتاب مصور نادر
    Dewey Decimal Classification     DR AbdElwahab Library DR AbdElwahab Library 02/05/2026   م ن 251 ز ك ر 000009342 02/05/2026 02/05/2026 كتاب مصور نادر
    Dewey Decimal Classification     DR AbdElwahab Library DR AbdElwahab Library 02/11/2026   م ن 251 ز ك ر 000022731 02/11/2026 02/11/2026 كتاب مصور نادر